|
|
|
|
| LEADER |
00000nam a22000007a 4500 |
| 005 |
20220714221558.0 |
| 007 |
cr|||| |||| |
| 008 |
220714s2022 br |||||s|||| 00||0 por d |
| 020 |
|
|
|a 978655378000-2
|
| 035 |
|
|
|a 36710
|
| 040 |
|
|
|a vLex
|
| 090 |
|
|
|c 13562
|d 13562
|
| 100 |
1 |
|
|a Barboza, Heloisa Helena
|
| 245 |
1 |
0 |
|a 20 Anos do cd̤igo civil
|h [Recurso electrn̤ico] :
|b perspectivas presentes e futuras /
|c Heloisa Helena Barboza
|
| 256 |
|
|
|a Servicio en ln̕ea
|
| 260 |
|
|
|a Rio de Janeiro:
|b Editora Processo,
|c 2022
|
| 300 |
|
|
|a 1 recurso electrn̤ico
|
| 500 |
|
|
|a Em tempos ainda de pandemia, algumas boas novas merecem ser enaltecidas e divulgadas ̉comunidade acadm̊ica e cientf̕ica de maneira geral. Com esse espr̕ito foi concebido o projeto da presente obra coletiva '20 anos do cd̤igo civil: perspectivas presentes e futuras'. Todo marco normativo, do porte do cd̤igo civil, merece especial atenȯ̂ em virtude da proposta de sistematizaȯ̂ e permann̊cia das normas nele contidas. Em 10 de janeiro de 2022 foi celebrado o vigšimo ano da sanȯ̂ do cd̤igo civil brasileiro em vigor. O cd̤igo civil de 1916 foi representativo da racionalizaȯ̂ dos interesses bs̀icos de uma sociedade patriarcal que nô deixara de lado sua vocaȯ̂ privatista, nem se libertara do arcabouȯ econm̥ico1. Com orientaȯ̂ distinta, o cd̤igo civil de 2002 buscou formular suas normas com base nos princp̕ios da eticidade, da socialidade e da operabilidade.
|
| 506 |
1 |
|
|a Disponible solo en los productos indicados
|d vLex Global
|d vLex Global (Academic Edition, excluding Law Schools)
|d vLex Global (U.S. Academic Edition, Law Schools)
|d vLex Global (U.S. Academic Edition, excluding Law Schools)
|d vLex Global (Academic Edition, Law Schools)
|
| 650 |
0 |
4 |
|a Cd̤igo Civil
|z Brasil
|
| 740 |
0 |
|
|a vLex Libros (Servicio en ln̕ea)
|
| 856 |
4 |
0 |
|u https://app.vlex.com/#/sources/36710
|z Acceso restringido
|
| 942 |
|
|
|c BOOK
|
| 999 |
0 |
|
|a Civil Code
|